| 000 | 00621nam a22002057a 4500 | ||
|---|---|---|---|
| 005 | 20130506122704.0 | ||
| 010 | _aENG-106971 | ||
| 020 |
_a978198077596 _c795.00 |
||
| 020 |
_a0198077599 _c795.00 |
||
| 035 | _aEN-90504 | ||
| 037 | _bDBAD/PUB | ||
| 082 | _a320.60954 | ||
| 100 | _aMathur, Kuldeep | ||
| 245 |
_aPublic policy and politics in India / _cby Kuldeep Mathur |
||
| 260 |
_aNew Delhi _bOxford University Press _c2013 |
||
| 270 |
_aYMCA Library Building, 1 Jaisingh Road _bNew Delhi _e110001 |
||
| 300 |
_ax,295p. _c23cm(Hb) |
||
| 500 | _aIncludes index | ||
| 942 |
_2ddc _cEN _mMAT _h320.60954 |
||
| 999 |
_c75095 _d75095 |
||